000 01502nam a22002777a 4500
999 _c1216
_d1216
001 004382
003 CoMeUDC004382
005 20210630114829.0
008 080730s2007 ck gr 00010dspa d
015 _ack-2007-xxxx
020 _z9589380963
040 _aCO-BoBLA
_bspa
_cCoMeUDC
082 0 4 _a346.015
_bL557
100 _aLemos SanMartin, Matilde
_91748
245 1 3 _aLa familia de hecho :
_b¿hacia la igualdad familiar? : tratamiento legal y jurisprudencial de las uniones maritales de hecho y de las uniones homosexuales /
_cMatilde Lemos SanMartín.
260 3 _aBogotá :
_bLibrería Jurídica Sánchez R.,
_c2007.
300 _a220 p. :
_bil. ;
_c24 cm.
504 _aIncluye bibliografía.
505 _aIntroducción, 15 -- Capítulo I: Constitucionalización del derecho de familia, 19 -- Capítulo II: Tipologías familiares, 39 -- Capítulo III: Derecho a la igualdad, 47 -- el precedente judicial, 61 -- Capítulo IV: Evolución jurisprudencial del tratamiento de la familia en Colombia, 83 -- Capítulo V: La unión marital de hecho, 93 -- Capítulo VI: Estudio de la ley 54 de 1990, 109 -- Capítulo VII: Otras tipologías familiares, 143 -- Anexos, 171.
650 _aDerecho de familia
_z Colombia.
650 0 _aUnión libre
_x Legislación
_z Colombia.
_91749
650 _aConcubinato
_x Legislación
_z Colombia.
650 0 _aUnión homosexual
_x Legislación
_z Colombia.
_91750
942 _2ddc
_cBK
949 _ac
_bc